Save Me - Noah Kahan (All Lyrics) - Statistics

General Stats
  • This quiz has been taken 49 times
    46 since last reset
  • The average score is 182 of 209
Answer Stats
Lyrics % Correct
I
100%
me
100%
me?
100%
save
100%
who
100%
you
100%
can't?
94%
do
94%
Do
94%
don't
94%
for
94%
just
94%
my
94%
of
94%
to
94%
try
94%
Am
88%
am
88%
habit
88%
hand?
88%
I'm
88%
keep
88%
know
88%
only
88%
out
88%
passive,
88%
reaching
88%
sarcastic
88%
see
88%
so
88%
So
88%
something
88%
too
88%
why
88%
Why
88%
deserved
82%
fate
82%
go
82%
in
82%
is
82%
Let
82%
make
82%
Shut
82%
things
82%
think
82%
This
82%
well
82%
worse
82%
And
76%
here
76%
What
76%
That
71%
treading
71%
water
71%
will
71%
Into
65%
maybe
65%
Now
65%
spent
65%
still
65%
bothered
59%
change
59%
months
59%
pray
59%
selfish?
59%
sometimes,
59%
wonder
59%
five
53%
Have
53%
Learned
53%
lesson?
53%
misdirections?
53%
sentence?
53%
served
53%
those
53%
wounds
53%
from
47%
Healed
47%
ended?
41%
Exile
41%
indiscretions?
41%
No matching quizzes found
Score Distribution
Percent of People with Each Score
Percentile by Number Answered
Your Score History
You have not taken this quiz since the last reset